Noem de grootste eilanden ter wereld - Top 10 grootste eilanden - Statistieken

Algemene statistieken
  • Deze quiz is 4 keer genomen
  • De gemiddelde score is 3 van 12
Antwoordstatistieken
Hint Antwoord % Correct
Bij welk land hoort het grootste eiland Denemarken
67%
4 Madagaskar
67%
3 Borneo
33%
1 Groenland
33%
9 Groot-Brittannië
33%
7 Honshū
33%
6 Sumatra
33%
Hoeveel eilanden zijn een land 2
0%
5 Baffin
0%
10 Ellesmere
0%
2 Nieuw-Guinea
0%
8 Victoria
0%
Geen overeenkomende quizzen gevonden
Scoreverdeling
Procent van Mensen met Elke Score
Percentiel versus Aantal Correcte Antwoorden
Uw Scoregeschiedenis
U heeft deze quiz nog niet genomen